LEADER 01901nam0 22004093i 450 001 VAN0219534 005 20230607093256.41 017 70$2N$a9789813298521 100 $a20210930d2019 |0itac50 ba 101 $aeng 102 $aSG 105 $a|||| ||||| 200 1 $aElectronic Filters$eTheory, Numerical Recipes, and Design Practice based on the RM Software$fVan?o Litovski 210 $aSingapore$cSpringer$d2019 215 $axvii, 437 p.$cill.$d24 cm 410 1$1001VAN0107673$12001 $aLecture Notes in Electrical Engineering$1210 $aCham$cSpringer$d2007-$v596 500 1$3VAN0219537$aElectronic Filters : Theory, Numerical Recipes, and Design Practice based on the RM Software$91873320 606 $a94-XX$xInformation and communication theory, circuits [MSC 2020]$3VANC019701$2MF 610 $aAnalog Embedded Systems$9KW:K 610 $aCascade$9KW:K 610 $aDigital Telecommunications$9KW:K 610 $aElectronic Systems and Filters$9KW:K 610 $aFilter Design$9KW:K 610 $aGmC$9KW:K 610 $aInformation and communication, circuits$9KW:K 610 $aTelecommunication$9KW:K 620 $aSG$dSingapore$3VANL000061 700 1$aLitovski$bVan?o$3VANV186521$0838726 712 $aSpringer $3VANV108073$4650 801 $aIT$bSOL$c20240614$gRICA 856 4 $uhttp://doi.org/10.1007/978-981-32-9852-1$zE-book ? Accesso al full-text attraverso riconoscimento IP di Ateneo, proxy e/o Shibboleth 899 $aBIBLIOTECA DEL DIPARTIMENTO DI MATEMATICA E FISICA$1IT-CE0120$2VAN08 912 $fN 912 $aVAN0219534 950 $aBIBLIOTECA DEL DIPARTIMENTO DI MATEMATICA E FISICA$d08CONS e-book 4094 $e08eMF4094 20210930 996 $aElectronic Filters : Theory, Numerical Recipes, and Design Practice based on the RM Software$91873320 997 $aUNICAMPANIA LEADER 02046nam0 22005293i 450 001 VAN00292668 005 20260330011527.443 017 70$2N$a9781441985484 100 $a20250512d1994 |0itac50 ba 101 $aeng 102 $aUS 105 $a|||| ||||| 181 $ai$b e 182 $ab 183 $acr 200 1 $aˆA ‰first course in real analysis$fSterling K. Berberian 210 $aNew York$cSpringer$d1994 215 $axi, 237 p.$cill.$d24 cm 410 1$1001VAN00024019$12001 $aUndergraduate texts in mathematics$1210 $aBerlin [etc.]$cSpringer$d1958- 500 1$3VAN00304045$aˆA ‰first course in real analysis$983038 606 $a26-XX$xReal functions [MSC 2020]$3VANC019778$2MF 610 $aBoundary Element Methods$9KW:K 610 $aCalculus$9KW:K 610 $aCharacters$9KW:K 610 $aDerivatives$9KW:K 610 $aForms$9KW:K 610 $aFunctions$9KW:K 610 $aMean value theorem$9KW:K 610 $aProofs$9KW:K 610 $aReal analysis$9KW:K 610 $aRiemann integrals$9KW:K 610 $aSets$9KW:K 610 $aSystems$9KW:K 620 $aUS$dNew York$3VANL000011 700 1$aBerberian$bSterling K.$3VANV038772$031277 712 $aSpringer $3VANV108073$4650 790 1$aBerberian, S. K.$zBerberian, Sterling K.$3VANV230317 790 1$aBerberian, S.K.$zBerberian, Sterling K.$3VANV230318 790 1$aBerberian, Sterling Kirwan$zBerberian, Sterling K.$3VANV260820 801 $aIT$bSOL$c20260403$gRICA 856 4 $uhttps://doi.org/10.1007/978-1-4419-8548-4$zE-book ? Accesso al full-text attraverso riconoscimento IP di Ateneo, proxy e/o Shibboleth 899 $aBIBLIOTECA DEL DIPARTIMENTO DI MATEMATICA E FISICA$1IT-CE0120$2VAN08 912 $fN 912 $aVAN00292668 950 $aBIBLIOTECA DEL DIPARTIMENTO DI MATEMATICA E FISICA$d08DLOAD e-Book 11658 $e08eMF11658 20250630 996 $aFirst course in real analysis$983038 997 $aUNICAMPANIA